Geography and man: A practical survey of the life and work of man in relation to his natural environment. 3 Vol (Record no. 1333113)

MARC details
000 -LEADER
fixed length control field 00575nam a2200181Ia 4500
005 - DATE AND TIME OF LATEST TRANSACTION
control field 20250508151936.0
008 - FIXED-LENGTH DATA ELEMENTS--GENERAL INFORMATION
fixed length control field 008 250505s9999 xx 000 0 eng d
037 ## - SOURCE OF ACQUISITION
Stock number Reference
040 ## - CATALOGING SOURCE
Original cataloging agency FEDL
Language of cataloging eng
Transcribing agency FEDL
041 ## - LANGUAGE CODE
Language code of text/sound track or separate title eng
Source of code eng
084 ## - COLON CLASSIFICATION NUMBER
Classification number 910, BAL
Assigning agency FEDL
100 ## - MAIN ENTRY--PERSONAL NAME
Personal name Balchin W G V
245 #0 - TITLE STATEMENT
Title Geography and man: A practical survey of the life and work of man in relation to his natural environment. 3 Vol
250 ## - EDITION STATEMENT
Edition statement 2nd
260 ## - PUBLICATION, DISTRIBUTION, ETC.
Place of publication, distribution, etc. London, UK
Name of publisher, distributor, etc. The New Era Publishing Company Limited
942 ## - ADDED ENTRY ELEMENTS (KOHA)
Koha item type Reference
Classification part 910, BAL
Holdings
Withdrawn status Lost status Damaged status Not for loan Home library Current library Date acquired Total Checkouts Full call number Barcode Date last seen Price effective from Koha item type
        Department of Education Library Department of Education Library 2025-05-08   910, BAL EL0014419 2025-05-08 2025-05-08 Reference
Copyright @ Delhi University Library System